<?xml version="1.0" encoding="UTF-8"?>
<record
    xmlns:xsi="http://www.w3.org/2001/XMLSchema-instance"
    xsi:schemaLocation="http://www.loc.gov/MARC21/slim http://www.loc.gov/standards/marcxml/schema/MARC21slim.xsd"
    xmlns="http://www.loc.gov/MARC21/slim">

  <leader>00778nam a22002297a 4500</leader>
  <controlfield tag="003">0</controlfield>
  <controlfield tag="005">20160609165347.0</controlfield>
  <controlfield tag="008">100204t        xxu||||| |||| 00| 0 eng d</controlfield>
  <datafield tag="020" ind1=" " ind2=" ">
    <subfield code="a">978-2-87209-858-3</subfield>
  </datafield>
  <datafield tag="040" ind1=" " ind2=" ">
    <subfield code="a">BUAC</subfield>
    <subfield code="b">Fr.</subfield>
    <subfield code="c">BUC</subfield>
  </datafield>
  <datafield tag="041" ind1=" " ind2=" ">
    <subfield code="a">Fr.</subfield>
  </datafield>
  <datafield tag="082" ind1=" " ind2=" ">
    <subfield code="a">82.08</subfield>
  </datafield>
  <datafield tag="100" ind1=" " ind2=" ">
    <subfield code="a">Fenoglio, Ir&#xE8;ne</subfield>
    <subfield code="c">Dir.</subfield>
    <subfield code="9">3436</subfield>
  </datafield>
  <datafield tag="245" ind1=" " ind2=" ">
    <subfield code="a">L'Ecriture et le souci de la langue</subfield>
    <subfield code="b"> : Ecrivains, linguistes ;t&#xE9;moignages e traces manuscrites</subfield>
    <subfield code="c">/Ir&#xE8;ne Fenoglio ; Mich&#xE8;l Arriv&#xE9;, Jacqueline Authier-Revuz, et. Al. </subfield>
  </datafield>
  <datafield tag="260" ind1=" " ind2=" ">
    <subfield code="a">Bruxeles</subfield>
    <subfield code="b">Bruylant-Academia</subfield>
    <subfield code="c">2007</subfield>
  </datafield>
  <datafield tag="300" ind1=" " ind2=" ">
    <subfield code="a">198p.</subfield>
    <subfield code="c">24 cm</subfield>
  </datafield>
  <datafield tag="440" ind1=" " ind2=" ">
    <subfield code="a">Au coeur des textes</subfield>
    <subfield code="n">7</subfield>
    <subfield code="9">3437</subfield>
  </datafield>
  <datafield tag="600" ind1=" " ind2=" ">
    <subfield code="a">Arriv&#xE9;, Michel</subfield>
    <subfield code="c">Collab.</subfield>
    <subfield code="9">3438</subfield>
  </datafield>
  <datafield tag="600" ind1=" " ind2=" ">
    <subfield code="a">Authier-Revuz, Jacquelie</subfield>
    <subfield code="c">Collab.</subfield>
    <subfield code="9">3439</subfield>
  </datafield>
  <datafield tag="650" ind1=" " ind2=" ">
    <subfield code="a">Langue : m&#xE9;tier</subfield>
    <subfield code="9">3440</subfield>
  </datafield>
  <datafield tag="942" ind1=" " ind2=" ">
    <subfield code="c">LIVR</subfield>
  </datafield>
  <datafield tag="999" ind1=" " ind2=" ">
    <subfield code="c">46897</subfield>
    <subfield code="d">46897</subfield>
  </datafield>
  <datafield tag="952" ind1=" " ind2=" ">
    <subfield code="0">0</subfield>
    <subfield code="1">0</subfield>
    <subfield code="4">0</subfield>
    <subfield code="7">0</subfield>
    <subfield code="a">BUAC</subfield>
    <subfield code="b">BUAC</subfield>
    <subfield code="d">0000-00-00</subfield>
    <subfield code="e">Don de la Communaut&#xE9; Fran&#xE7;aise de Belgique</subfield>
    <subfield code="l">0</subfield>
    <subfield code="o">82.08 FEN</subfield>
    <subfield code="r">2010-02-04 00:00:00</subfield>
    <subfield code="t">1</subfield>
    <subfield code="w">2010-02-04</subfield>
    <subfield code="y">LIVR</subfield>
  </datafield>
</record>
